Central Library OPAC University of Rajshahi

মদিনা সনদ : (Record no. 77695)

MARC details
000 -LEADER
fixed length control field 01606nam a2200277 a 4500
001 - CONTROL NUMBER
control field 77695
003 - CONTROL NUMBER IDENTIFIER
rucl marc code BD-RjUL
005 - DATE AND TIME OF LATEST TRANSACTION
control field 20211209083019.0
008 - FIXED-LENGTH DATA ELEMENTS--GENERAL INFORMATION
fixed length control field 201228s2008 bg a|||| m||| 00| 0 ben d
035 ## - SYSTEM CONTROL NUMBER
System control number (BD-RjUL)77921
040 ## - CATALOGING SOURCE
Original cataloging agency BD-RjUL
Language of cataloging ben /eng
Transcribing agency BD-RjUL
Modifying agency BD-RjUL
041 ## - LANGUAGE CODE
Language code of text/sound track or separate title ben
082 ## - DEWEY DECIMAL CLASSIFICATION NUMBER
Classification number 297.272
Author mark and year RAM 2008
Edition number 23
100 ## - MAIN ENTRY--PERSONAL NAME
Personal name রহমান, মো. হামিদুর
9 (RLIN) 243001
245 10 - TITLE STATEMENT
Title মদিনা সনদ :
Remainder of title প্রসঙ্গ সমাজ ও রাষ্ট্র গঠন /
Statement of responsibility, etc. মো. হাবিবুর রহমান
Linkage সুপারভাইজার: মো. আজিজুল হক
260 ## - PUBLICATION, DISTRIBUTION, ETC. (IMPRINT)
Place of publication, distribution, etc. রাজশাহী :
Name of publisher, distributor, etc. ইসলামের ইতিহাস ও সংস্কৃতি বিভাগ, রাজশাহী বিশ্ববিদ্যালয়,
Date of publication, distribution, etc. ২০০৮
300 ## - PHYSICAL DESCRIPTION
Pagination [ix] , ২২৯ পাতা :
Illustrations চিএ ;
Size ২৯ সেমি.
502 ## - DISSERTATION NOTE
Dissertation note থিসিস (এম . ফিল .) -- ইসলামের ইতিহাস ও সংস্কৃতি বিভাগ, রাজশাহী বিশ্ববিদ্যালয়, ২০০৮
504 ## - BIBLIOGRAPHY, ETC. NOTE
Bibliography, etc গ্রন্থপঞ্জি ; পাতা ২১৭-২২৯
650 ## - SUBJECT ADDED ENTRY--TOPICAL TERM
Topical term or geographic name as entry element ইসলাম ও রাজনীতি
9 (RLIN) 243199
Topical term or geographic name as entry element Islam and Politics
9 (RLIN) 243200
Topical term or geographic name as entry element সাংবিধানিক আইন (ইসলামী আইন)
9 (RLIN) 243201
Topical term or geographic name as entry element Constitutional law (Islamic law)
9 (RLIN) 243202
700 ## - ADDED ENTRY--PERSONAL NAME
Personal name হক, মো. আজিজুল, সুপারভাইজার
942 ## - ADDED ENTRY ELEMENTS (KOHA)
Source of classification or shelving scheme Dewey Decimal Classification
Koha item type Theses
Holdings
Lost status Source of classification or shelving scheme Damaged status Not for loan Collection code Permanent Location Current Location Shelving location Date acquired Source of acquisition Total Checkouts Full call number Date last seen Copy number Koha item type
  Dewey Decimal Classification   Not For Loan Theses Central Library, University of Rajshahi Central Library, University of Rajshahi Documentation Section 08/06/2010 Controller of Exam., R.U.   BTHE 297.272 RAM 2008 28/12/2020 C-1 Theses